Αρχαία ελληνική ιστορία : από τη Μινωική ως την Αρχαϊκή περίοδο
Αποθηκεύτηκε σε:
| Κύριος συγγραφέας: | |
|---|---|
| Μορφή: | Βιβλίο |
| Γλώσσα: | Greek |
| Δημοσίευση: |
Ρέθυμνο :
[Τυποκρέτα],
1996.
|
| Θέματα: | |
| Ετικέτες: |
Προσθήκη ετικέτας
Δεν υπάρχουν, Καταχωρήστε ετικέτα πρώτοι!
|
MARC
| LEADER | 00000cam a2200000 i 4500 | ||
|---|---|---|---|
| 001 | 1/75266 | ||
| 008 | 080221s1996 gr | ||| |||| ||gre|| | ||
| 035 | |l 10094876 | ||
| 040 | |a GR-MyUa |b gre |e AACR2 | ||
| 041 | 0 | |a gre | |
| 082 | 7 | |a 938.1 |2 (22) | |
| 100 | 1 | |a Στραταριδάκη, Άννα Ι. | |
| 245 | 1 | 0 | |a Αρχαία ελληνική ιστορία : |b από τη Μινωική ως την Αρχαϊκή περίοδο / |c Άννα Στραταριδάκη-Κυλάφη. |
| 260 | |a Ρέθυμνο : |b [Τυποκρέτα], |c 1996. | ||
| 300 | |a 196 σ. : |b φωτ., αναδιπλ. φυλλα με χάρτες ; |c 24 εκ. | ||
| 504 | |a Βιβλιογραφία: σ. [187]-189. Ευρετήριο. | ||
| 651 | 0 | |a Greece |x History |y To 146 B.C. | |
| 651 | 0 | |a Greece |x Civilization |y To 146 B.C. | |
| 650 | 0 | |a Minoans. | |
| 852 | |a INST |b RHODES |e 20080221 |h 938.1 ΣΤΡ |p 005400029901 |q 005400029901 |t BK |y 0 | ||
| 901 | |a BIBL4-2008-1 | ||
| 920 | |a ΕΡΓΑΣΤΗΡΙΟ ΙΣΤΟΡΙΑΣ |y Ρόδος |z 2008-02 | ||
| 970 | |a ΧΑΡΙΟΠΟΛΙΤΟΥ |b ΚΩΝΣΤΑΝΤΙΝΑ |z 2008/02/21 | ||